<?xml version="1.0" encoding="UTF-8"?>
<collection xmlns="http://www.loc.gov/MARC21/slim">
 <record>
  <leader>00926nam a22001935a 4500</leader>
  <controlfield tag="001">EUN.eunm009497</controlfield>
  <controlfield tag="008">041125s1927####sp#######b####000#0#spa#d</controlfield>
  <controlfield tag="005">20241212140508.0</controlfield>
  <datafield tag="245" ind1="1" ind2="3">
   <subfield code="a">El sentido de la verdad /</subfield>
   <subfield code="c">Joaquín Xirau Palau.</subfield>
  </datafield>
  <datafield tag="260" ind1=" " ind2=" ">
   <subfield code="a">Barcelona :</subfield>
   <subfield code="b">Cervantes,</subfield>
   <subfield code="c">1927.</subfield>
  </datafield>
  <datafield tag="300" ind1=" " ind2=" ">
   <subfield code="a">201 p. ;</subfield>
   <subfield code="c">18 cm.</subfield>
  </datafield>
  <datafield tag="490" ind1="0" ind2=" ">
   <subfield code="a">Colección Sócrates ;</subfield>
   <subfield code="v">iv</subfield>
  </datafield>
  <datafield tag="504" ind1=" " ind2=" ">
   <subfield code="a">Incluye notas a pie de página.</subfield>
  </datafield>
  <datafield tag="505" ind1="0" ind2=" ">
   <subfield code="a">I. El idealismo -- II. La conciencia y el ser -- III. El relativismo -- IV. La investigación fenomenológica -- V. Verdad y objetividad</subfield>
  </datafield>
  <datafield tag="590" ind1=" " ind2=" ">
   <subfield code="a">Presenta intervenciones mss. que por la caligrafía se adjudican a Matijevic: escritos mss. en tinta negra (principalmente en p.144-145, 147-149) y en lápiz; parágrafos marcados con lápiz en negro, azul y rojo.</subfield>
  </datafield>
  <datafield tag="100" ind1="1" ind2=" ">
   <subfield code="a">Xirau, Joaquín,</subfield>
   <subfield code="d">1895-1946,</subfield>
   <subfield code="e">autor.</subfield>
   <subfield code="4">aut</subfield>
  </datafield>
  <datafield tag="082" ind1="0" ind2="4">
   <subfield code="a">111</subfield>
  </datafield>
  <datafield tag="653" ind1=" " ind2=" ">
   <subfield code="a">Ontologia</subfield>
  </datafield>
  <datafield tag="859" ind1=" " ind2=" ">
   <subfield code="a">AR-BaUNS</subfield>
   <subfield code="b">BIB. CENTRAL - Tesoro</subfield>
   <subfield code="h">111</subfield>
   <subfield code="i">X48</subfield>
   <subfield code="p">1900/964</subfield>
  </datafield>
 </record>
</collection>
